1604 1726 1533 1850 1445 1251 1092 1841 1048 1576 1267 1261 1602 1841 1802 1975 1381 1541 1716 1649 1224 1016 1382 1577 1215 1970 1882 1155 1966 1449 1292 1173 1123 1587 1106 1000 1135 1647 1874 1949 1376 1572 1149 1741 1724 1884 1614 1688 1772 1577 1511 1208 1594 1164 1078 1557 1031 1713 1856 1296 1644 1595 1237 1996 1558 1887 1148 1716 1950 1209 1993 1483 1895 1205 1650 1330 1682 1552 1207 1928 1119 1834 1909 1009 1430 1886 1986 1447 1565 1631 1154 1509 1885 1755 1609 1857 1496 1996 1240 BCNSPRNW ULIB Ver.6.0+V

เปลี่ยนเป็นภาษาไทย

Change to English
 แสดงรายละเอียดบรรณานุกรม
  กลับหน้าหลัก

Brief Record : Get Marc (ISO 2709) : E-mail record : QR code < ปิดหน้าต่าง
LEADER : 00000nam 2200000uu 4500
001    13399111105
003     ULIB
008    110616s||||||||th 000 0 tha d
020    9789743072956
060  4 QT260^bก279ค 2551
100 0  กฤษฎา บานชื่น
245 00 คู่มือวิ่งเพื่อสุขภาพ/^cกฤษฎา บานชื่น
250    พิมพ์ครั้งที่ 10
260    กรุงเทพฯ:^bสำนักพิมพ์หมอชาวบ้าน,^c2551
300    360:^bภาพประกอบ
650  7 การวิ่ง
650  7 การออกกำลังกาย
945    ^p330^l0^i15597
945    ^p330^l0^i15598
995    กัณชพร
999    ^aใช้งานได้ทุกระบบ
รายการนี้ยังไม่มีแท็ก
คุณยังไม่ได้ล็อกอิน คุณสามารถมีกิจกรรมร่วมกับเว็บไซต์ได้ แต่ต้องล็อกอินก่อน ::
  ล็อกอิน

รายการสื่อสารสนเทศ

ลำดับที่ ประเภท เลขเรียก/บาร์โค้ด สถานที่ สถานะ
1. วิทยาศาสตร์การแพทย์ และสุขภาพ
วิทยาศาสตร์การแพทย์ และสุขภาพ
QT260 ก279ค 2551  
  Barcode: 15597
ห้องสมุดวิทยาเขตสวรรค์ประชารักษ์
►ส่วนจัดเก็บหนังสือเก่า สปร
บนชั้น
  ขอยืม
2. วิทยาศาสตร์การแพทย์ และสุขภาพ
วิทยาศาสตร์การแพทย์ และสุขภาพ
QT260 ก279ค 2551 ฉ.2 
  Barcode: 15598
ห้องสมุดวิทยาเขตสวรรค์ประชารักษ์
►ส่วนจัดเก็บหนังสือเก่า สปร
บนชั้น
  ขอยืม

รายการใกล้เคียง
    ผู้แต่ง [กฤษฎา บานชื่น]

    หัวเรื่อง [การวิ่ง]
    หัวเรื่อง [การออกกำลังกาย]

BibComment


ยังไม่เคยถูกคอมเมนท์

คอมเมนท์ทรัพยากรรายการนี้
  คอมเมนท์: คู่มือวิ่งเพื่อสุ..


 Copyright 2026. Bcnsprnw @Library